Elimination of the interfering effect of hydrogen on the determination of palladium by stripping voltammetry; Journal of Analytical Chemistry; Vol. 72, iss. 12
| Parent link: | Journal of Analytical Chemistry Vol. 72, iss. 12.— 2017.— [P. 546–550] |
|---|---|
| Korporativní autor: | |
| Další autoři: | , , , |
| Shrnutí: | Title screen The effect of hydrogen on the electrooxidation current of a palladium–hydrogen precipitate is studied. It is shown that the UV irradiation of the solution changes the mechanism of the formation of molecular hydrogen in the electrochemical deposition of palladium. A procedure is developed for determining palladium in platinum metal preconcentrates by stripping voltammetry. Режим доступа: по договору с организацией-держателем ресурса |
| Jazyk: | angličtina |
| Vydáno: |
2017
|
| Témata: | |
| On-line přístup: | https://doi.org/10.1134/S1061934817100070 |
| Médium: | MixedMaterials Elektronický zdroj Kapitola |
| KOHA link: | https://koha.lib.tpu.ru/cgi-bin/koha/opac-detail.pl?biblionumber=656730 |
MARC
| LEADER | 00000naa0a2200000 4500 | ||
|---|---|---|---|
| 001 | 656730 | ||
| 005 | 20250404163248.0 | ||
| 035 | |a (RuTPU)RU\TPU\network\23196 | ||
| 090 | |a 656730 | ||
| 100 | |a 20171208d2017 k||y0rusy50 ba | ||
| 101 | 0 | |a eng | |
| 102 | |a US | ||
| 135 | |a drcn ---uucaa | ||
| 181 | 0 | |a i | |
| 182 | 0 | |a b | |
| 200 | 1 | |a Elimination of the interfering effect of hydrogen on the determination of palladium by stripping voltammetry |f N. A. Kolpakova [et al.] | |
| 203 | |a Text |c electronic | ||
| 300 | |a Title screen | ||
| 320 | |a [References: p. 1254 (13 tit.)] | ||
| 330 | |a The effect of hydrogen on the electrooxidation current of a palladium–hydrogen precipitate is studied. It is shown that the UV irradiation of the solution changes the mechanism of the formation of molecular hydrogen in the electrochemical deposition of palladium. A procedure is developed for determining palladium in platinum metal preconcentrates by stripping voltammetry. | ||
| 333 | |a Режим доступа: по договору с организацией-держателем ресурса | ||
| 461 | |t Journal of Analytical Chemistry | ||
| 463 | |t Vol. 72, iss. 12 |v [P. 546–550] |d 2017 | ||
| 610 | 1 | |a труды учёных ТПУ | |
| 610 | 1 | |a электронный ресурс | |
| 610 | 1 | |a electrooxidation | |
| 610 | 1 | |a hydrogen absorption | |
| 610 | 1 | |a palladium-hydrogen binary precipitate | |
| 610 | 1 | |a электроокисление | |
| 610 | 1 | |a водопоглощение | |
| 610 | 1 | |a палладий | |
| 610 | 1 | |a водород | |
| 610 | 1 | |a бинарные осадки | |
| 701 | 1 | |a Kolpakova |b N. A. |c Maiden Name Polukarova |c russian chemist |f 1942- |g Nina Alexandrovna |3 (RuTPU)RU\TPU\pers\28201 | |
| 701 | 1 | |a Panova |b S. M. |g Svetlana Mikhaylovna | |
| 701 | 1 | |a Oskina |b Yu. A. |c Chemical Engineer |c Engineer-researcher of Tomsk Polytechnic University |f 1990- |g Yuliya Aleksandrovna |3 (RuTPU)RU\TPU\pers\33252 | |
| 701 | 1 | |a Сабитова |b Ж. К. |c специалист в области качества |c специалист по учебно-методической работе Томского политехнического университета |g Жамиля Корганбековна |3 (RuTPU)RU\TPU\pers\33800 | |
| 712 | 0 | 2 | |a Национальный исследовательский Томский политехнический университет (ТПУ) |b Институт природных ресурсов (ИПР) |b Кафедра физической и аналитической химии (ФАХ) |3 (RuTPU)RU\TPU\col\18656 |
| 801 | 2 | |a RU |b 63413507 |c 20171221 |g PSBO | |
| 856 | 4 | |u https://doi.org/10.1134/S1061934817100070 | |
| 942 | |c CF | ||